MARC

LEADER 00000nam0a2200000 4500
001 374690
005 20231102012654.0
035 |a (RuTPU)RU\TPU\retro\32124 
035 |a RU\TPU\book\272229 
090 |a 374690 
100 |a 20221219d1967 km y0rusy50 ca 
101 1 |a rus  |c eng 
102 |a RU 
105 |a y z 001zy 
200 1 |a Основные положения квантовой механики  |e пер. с англ.  |f Ф. А. Кемпфер 
210 |a Москва  |c Мир  |d 1967 
215 |a 392 с.  |c ил. 
320 |a Библиография в конце глав. 
606 1 |a Квантовая механика  |2 stltpush  |3 (RuTPU)RU\TPU\subj\14211  |9 40667 
610 1 |a векторы состояния 
610 1 |a наблюдаемые величины 
610 1 |a матрица плотности 
610 1 |a селективные измерения 
610 1 |a неселективные измерения 
610 1 |a преобразование Галилея 
610 1 |a неопределенности 
610 1 |a сверхтекучесть 
610 1 |a инвариантность 
610 1 |a частицы 
610 1 |a понятие 
610 1 |a фермионные состояния 
610 1 |a электроны 
610 1 |a позитроны 
610 1 |a поле 
610 1 |a гравитация 
610 1 |a квантовая электродинамика 
610 1 |a теория возмущений 
610 1 |a пропагаторы 
610 1 |a зарядовое сопряжение 
610 1 |a симметрия 
610 1 |a сильные взаимодействия 
610 1 |a квазичастицы 
610 1 |a приложения 
675 |a 530.145.6  |v 3 
700 1 |a Кемпфер  |b Ф. А.  |g Фредерик А. 
801 1 |a RU  |b 63413507  |c 20080707  |g PSBO 
801 2 |a RU  |b 63413507  |c 20221219  |g PSBO 
900 |a Квантовая механика 
900 |a Квантовая физика 
942 |c BK 
959 |a 69/20080701  |d 1  |e 174,00  |f ЧЗТЛ:1